000 00620nam a22002297a 4500
003 UA-OsUOA
001 48055
007 ta
008 20070828b un ||||| |||| 00| 0 ukr d
100 _aБитов А.
090 _a821.161.1
_bБ66
942 _cBK
040 _aUA-OsUOA
_brus
_cUA-OsUOA
_dUA-OsUOA
245 _aАптекарский остров
300 _a246 с.
955 _a0
041 _arus
080 _a821.161.1
260 _aЛенинград
_bСоветский писатель
_c1968
650 7 _a82 Література. Літературознавство
_2UDC
999 _c334160
_d334160